[Event "III Festival Magistrale"]
[Site "Montecatini Terme ITA"]
[Date "1994.07.??"]
[Round "?"]
[White "Isonzo, David"]
[Black "Baccaro, Franco"]
[WhiteElo "2124"]
[BlackElo "1947"]
[Result "1-0"]
[PlyCount "87"]
[EventDate "1994.07.30"]

1. e4 e6 2. d4 d5 3. Nc3 Nf6 4. Bg5 Bb4 5. e5 h6 6. Bd2 Bxc3 7. Bxc3 Ne4 8. Bb4
c5 9. Bxc5 Nxc5 10. dxc5 Qa5+ 11. Qd2 Qxc5 12. Nf3 Nc6 13. Bd3 Bd7 14. O-O Nb4
15. a3 Nxd3 16. cxd3 O-O 17. Rfc1 Qb6 18. Qb4 Rac8 19. Qxb6 axb6 20. Kf1 Rc5
21. Ke2 Rfc8 22. Kd2 Bb5 23. d4 R5c6 24. b3 Kf8 25. Ne1 Ke7 26. Nc2 Kd7 27. Nb4
Rxc1 28. Rxc1 Rxc1 29. Kxc1 g5 30. Kd2 Ke7 31. Ke3 f5 32. f4 Kf7 33. Na2 Kg6
34. Nc3 Bf1 35. Kf2 Ba6 36. Na4 gxf4 37. Nxb6 Bd3 38. Na4 Be4 39. Nc5 f3 40.
gxf3 Bc2 41. Nxb7 Bxb3 42. Nc5 Bc4 43. Nxe6 Kf7 44. Nc5 1-0

[Event "III Festival Magistrale"]
[Site "Montecatini Terme ITA"]
[Date "1994.07.??"]
[Round "?"]
[White "Isonzo, David"]
[Black "Belotti, Bruno"]
[Result "0-1"]
[WhiteElo "2124"]
[BlackElo "2455"]
[PlyCount "48"]
[EventDate "1994.07.30"]

1. Nf3 Nf6 2. g3 d5 3. Bg2 c6 4. O-O Bg4 5. d3 Nbd7 6. Nbd2 e5 7. e4 dxe4 8.
dxe4 Bc5 9. h3 Bh5 10. Qe2 O-O 11. g4 Bg6 12. Nh4 Re8 13. Nf5 Nf8 14. Nb3 Be7
15. f4 exf4 16. Bxf4 Bxf5 17. gxf5 Bd6 18. Bg5 h6 19. Bh4 Qe7 20. Rac1 Qe5 21.
Bh1 Qxb2 22. c4 Qe5 23. Qc2 N8d7 24. Rf3 Nh5 0-1

[Event "III Festival Magistrale"]
[Site "Montecatini Terme ITA"]
[Date "1994.07.??"]
[Round "?"]
[White "Isonzo, David"]
[Black "Bini, Lorenzo"]
[WhiteElo "2124"]
[BlackElo "1995"]
[Result "1-0"]
[PlyCount "89"]
[EventDate "1994.07.30"]

1. e4 b6 2. d4 Bb7 3. Bd3 e6 4. Nf3 h6 5. O-O d6 6. c4 Nd7 7. Nc3 g6 8. d5 e5
9. Be3 Bg7 10. b4 Ne7 11. Nd2 O-O 12. Nb3 f5 13. f3 c5 14. dxc6 Nxc6 15. Nd5
Nf6 16. Qd2 g5 17. Nxf6+ Qxf6 18. exf5 Ne7 19. Be4 d5 20. cxd5 Rad8 21. Qe2
Nxf5 22. Rfd1 Rf7 23. Rd2 Rfd7 24. Rad1 Rd6 25. Rc2 Bxd5 26. Rcd2 Bf7 27. Bxf5
Rxd2 28. Rxd2 Rxd2 29. Nxd2 Qxf5 30. Ne4 Qe6 31. a3 Qb3 32. Bc1 Kh7 33. h3 Qb1
34. Qd2 Bg6 35. Nd6 e4 36. Nxe4 Bxe4 37. fxe4 Qxe4 38. Kf1 Bd4 39. Qe2 Qf5+ 40.
Ke1 Bc3+ 41. Kd1 Qd5+ 42. Kc2 Qa2+ 43. Kd3 Qxe2+ 44. Kxe2 a5 45. b5 1-0

[Event "III Festival Magistrale"]
[Site "Montecatini Terme ITA"]
[Date "1994.07.??"]
[Round "?"]
[White "Isonzo, David"]
[Black "Ferretti, Folco"]
[Result "1-0"]
[WhiteElo "2124"]
[BlackElo "2285"]
[PlyCount "157"]
[EventDate "1994.07.30"]

1. e4 e5 2. Nf3 Nc6 3. Bb5 a6 4. Ba4 d6 5. Bxc6+ bxc6 6. d4 f6 7. O-O Ne7 8. c4
Ng6 9. Nc3 Be7 10. h3 O-O 11. d5 c5 12. Be3 f5 13. exf5 Bxf5 14. Nd2 Qd7 15.
Kh2 Bd3 16. Re1 Nf4 17. Nde4 Bxe4 18. Nxe4 Qf5 19. Ng3 Qg5 20. Qg4 Qxg4 21.
hxg4 g6 22. Ne4 c6 23. Bxf4 Rxf4 24. g3 Rff8 25. Rad1 Rfd8 26. Nc3 cxd5 27.
Rxd5 Kf7 28. Kg2 Rac8 29. Rh1 Rh8 30. Ne4 Rcd8 31. Rhd1 Ke6 32. R1d3 Rhf8 33.
Rd2 Rh8 34. R5d3 h5 35. gxh5 gxh5 36. Ra3 Ra8 37. Rdd3 Rhb8 38. Rdb3 Rb4 39.
Rxb4 cxb4 40. Ra5 Rc8 41. b3 Rc6 42. Rd5 Rc8 43. f3 Ra8 44. Nf2 Bd8 45. Nd3 Rb8
46. f4 Bf6 47. Kf3 Rg8 48. Nxb4 exf4 49. gxf4 h4 50. Rh5 Rg3+ 51. Ke4 h3 52.
Nd5 Kf7 53. Nxf6 Kxf6 54. Kd5 Rd3+ 55. Kc6 Kg6 56. Rh4 Kf5 57. Kb6 Rd2 58. Rxh3
Rxa2 59. Rd3 Ra3 60. Rxd6 Rxb3+ 61. Kxa6 Kxf4 62. c5 Ke5 63. Rd1 Rc3 64. Kb6
Ke6 65. c6 Rb3+ 66. Kc7 Ke7 67. Rd8 Rb2 68. Rb8 Ra2 69. Rb3 Rc2 70. Kb7 Kd6 71.
Rd3+ Ke7 72. Kc7 Rc1 73. Re3+ Kf7 74. Kd7 Rd1+ 75. Kc8 Rc1 76. c7 Rb1 77. Re4
Rb2 78. Kd7 Rd2+ 79. Kc6 1-0

[Event "III Festival Magistrale"]
[Site "Montecatini Terme ITA"]
[Date "1994.07.??"]
[Round "?"]
[White "Kovacevic, Slobodan"]
[Black "Dizdarevic, Emir"]
[Result "0-1"]
[WhiteElo "2380"]
[BlackElo "2495"]
[PlyCount "134"]
[EventDate "1994.07.30"]

1. d4 d6 2. Bg5 f6 3. Bh4 e5 4. e3 Ne7 5. Bd3 Be6 6. c3 Qd7 7. f3 Nbc6 8. Ne2
d5 9. Nd2 Ng6 10. Bg3 Bd6 11. Qb1 f5 12. Bc2 O-O 13. O-O f4 14. exf4 exf4 15.
Bf2 Nce7 16. Re1 Nf5 17. Nf1 Rae8 18. Kh1 Qd8 19. Ng1 Qg5 20. Qc1 Qh5 21. Bxf5
Qxf5 22. Qd2 Bd7 23. Rxe8 Rxe8 24. g4 Qf6 25. Re1 Rf8 26. h3 Nh8 27. Qc2 a5 28.
a4 b6 29. Nd2 h5 30. Qb3 Qf7 31. Qc2 Re8 32. b3 Rxe1 33. Bxe1 Be8 34. Qd3 Qe6
35. Bf2 Bg6 36. Qf1 Nf7 37. Qb5 Kh7 38. Kg2 Nh6 39. Kf1 Be8 40. Qe2 Qxe2+ 41.
Kxe2 g5 42. Kd1 Bg6 43. Ne2 Ng8 44. c4 Bb4 45. Nc1 hxg4 46. hxg4 dxc4 47. Nxc4
Nf6 48. Na2 Nd5 49. Nxb4 Nxb4 50. Na3 Bf7 51. Nc4 Nd3 52. Bg1 Bd5 53. Nd2 Kg6
54. Bh2 c6 55. Bg1 b5 56. axb5 cxb5 57. Ne4 a4 58. bxa4 bxa4 59. Kd2 a3 60. Nc3
Nb4 61. Kc1 Bxf3 62. Nb5 a2 63. Kb2 Bd5 64. Nc3 Bc4 65. d5 Bxd5 66. Nxd5 Nxd5
67. Kxa2 f3 0-1

[Event "III Festival Magistrale"]
[Site "Montecatini Terme ITA"]
[Date "1994.07.??"]
[Round "?"]
[White "Kovacevic, Slobodan"]
[Black "Mambrini, Augusto"]
[Result "1-0"]
[WhiteElo "2380"]
[BlackElo "2027"]
[PlyCount "45"]
[EventDate "1994.07.30"]

1. d4 e6 2. Nf3 d5 3. Bf4 Nf6 4. e3 Be7 5. h3 Nbd7 6. Bd3 O-O 7. Nbd2 b6 8. h4
Bb7 9. c3 c5 10. Rh3 Ne4 11. Ne5 cxd4 12. exd4 Nef6 13. Qe2 Re8 14. O-O-O Qc8
15. Nef3 Ne4 16. Nxe4 dxe4 17. Bxe4 Bxe4 18. Qxe4 Nf6 19. Qe2 Nd5 20. Bd2 b5
21. Kb1 a5 22. Ng5 Qc6 23. Qh5 1-0

[Event "III Festival Magistrale"]
[Site "Montecatini Terme ITA"]
[Date "1994.07.??"]
[Round "?"]
[White "Kovacevic, Slobodan"]
[Black "Nannelli, Paolo"]
[Result "1-0"]
[WhiteElo "2380"]
[BlackElo "1992"]
[PlyCount "51"]
[EventDate "1994.07.30"]

1. d4 d5 2. Bf4 Nf6 3. e3 g6 4. c3 Bg7 5. Nf3 O-O 6. Nbd2 b6 7. b4 c6 8. Be2
Nbd7 9. h3 Bb7 10. O-O h6 11. Qb3 a5 12. a4 Ra7 13. Rfd1 Qa8 14. b5 c5 15. Rac1
c4 16. Qa3 Re8 17. Bh2 Bf8 18. Qa2 Qc8 19. Re1 Bg7 20. Bd1 Nh7 21. e4 dxe4 22.
Nxe4 Bd5 23. Ned2 Ng5 24. Nxg5 hxg5 25. Be2 Qb7 26. Bxc4 1-0

[Event "III Festival Magistrale"]
[Site "Montecatini Terme ITA"]
[Date "1994.07.??"]
[Round "?"]
[White "Laco, Giuseppe"]
[Black "Balzan, Roberto"]
[Result "1-0"]
[WhiteElo "2255"]
[BlackElo "1933"]
[PlyCount "67"]
[EventDate "1994.07.30"]

1. c4 e5 2. Nc3 Nc6 3. a3 a5 4. d3 d6 5. g3 g6 6. Bg2 Bg7 7. e3 Nge7 8. Nge2
Be6 9. Nd5 O-O 10. Rb1 f5 11. h4 f4 12. exf4 Nf5 13. h5 Qd7 14. hxg6 hxg6 15.
Be3 Rae8 16. Kd2 Ncd4 17. Ndc3 c6 18. Bxd4 exd4 19. Ne4 Qe7 20. Ng5 Bxc4 21.
Be4 Be6 22. Qg1 d5 23. Qh2 Nh6 24. Bxg6 Bf5 25. Bxe8 Rxe8 26. Rhe1 Ng4 27. Qg1
Qc5 28. Nc1 Ne3 29. fxe3 a4 30. g4 Re7 31. gxf5 dxe3+ 32. Kd1 e2+ 33. Nxe2 Qb5
34. Nc1 1-0

[Event "III Festival Magistrale"]
[Site "Montecatini Terme ITA"]
[Date "1994.07.??"]
[Round "?"]
[White "Laco, Giuseppe"]
[Black "Battaggia, Piergiorgio"]
[Result "1-0"]
[WhiteElo "2255"]
[BlackElo "2003"]
[PlyCount "56"]
[EventDate "1994.07.30"]

1. c4 e6 2. b3 Nf6 3. Bb2 d5 4. g3 Be7 5. Bg2 O-O 6. Qc2 c5 7. Nf3 Nc6 8. a3
Bd7 9. d3 Qc7 10. Nbd2 Rac8 11. h3 Rfd8 12. e3 Be8 13. g4 d4 14. O-O-O e5 15.
g5 Nd7 16. h4 Nf8 17. Rdg1 Bd7 18. Ne1 Be6 19. Be4 Rb8 20. Nef3 Bd6 21. h5 g6
22. hxg6 fxg6 23. Rh6 Rd7 24. Bxc6 Qxc6 25. Ne4 Rf7 26. Nh4 Nd7 27. Nxg6 hxg6
28. Rxg6+ Kf8 1-0

[Event "III Festival Magistrale"]
[Site "Montecatini Terme ITA"]
[Date "1994.07.??"]
[Round "?"]
[White "Laco, Giuseppe"]
[Black "Bini, Lorenzo"]
[Result "1-0"]
[WhiteElo "2255"]
[BlackElo "1995"]
[PlyCount "107"]
[EventDate "1994.07.30"]

1. c4 b6 2. d4 Bb7 3. Nc3 e6 4. a3 a5 5. e4 d6 6. f4 g6 7. Nf3 Bg7 8. Bd3 Ne7
9. Be3 Nd7 10. O-O h6 11. Qd2 f5 12. d5 e5 13. g3 exf4 14. gxf4 O-O 15. Rae1
fxe4 16. Nxe4 Nf5 17. Bf2 Bc8 18. Kh1 Nf6 19. Rg1 Kh7 20. Nc3 Nh5 21. Nb5 Bd7
22. Nbd4 Qf6 23. Ne6 Bxe6 24. Rxe6 Qxb2 25. Rexg6 Bc3 26. Qxb2 Bxb2 27. R6g4
Kh8 28. Nh4 Ne7 29. f5 Rg8 30. Ng6+ Nxg6 31. fxg6 Kg7 32. Rh4 Nf6 33. Be3 Rh8
34. a4 Rae8 35. Bd2 Re7 36. Rf1 Nd7 37. Rhf4 Ne5 38. Bc2 h5 39. Rb1 Ba3 40. Bc3
h4 41. h3 Bc5 42. Rbf1 Rh5 43. Rf5 Rxf5 44. Rxf5 Bb4 45. Bb2 Be1 46. Rh5 Bg3
47. Bc3 Kg8 48. Bf5 Kg7 49. Bd2 Nf3 50. Rh7+ Kf6 51. Rxe7 Kxe7 52. g7 Kf7 53.
Bh6 Nd4 54. Bh7 1-0

[Event "III Festival Magistrale"]
[Site "Montecatini Terme ITA"]
[Date "1994.07.??"]
[Round "?"]
[White "Laco, Giuseppe"]
[Black "Loncar, Robert"]
[Result "0-1"]
[WhiteElo "2255"]
[BlackElo "2410"]
[PlyCount "76"]
[EventDate "1994.07.30"]

1. c4 e5 2. Nc3 Nc6 3. a3 g6 4. g3 Bg7 5. Bg2 d6 6. d3 f5 7. Nd5 Nd4 8. Bg5 Qd7
9. Bd2 c6 10. Nc3 Nf6 11. e3 Ne6 12. b4 O-O 13. Nge2 Kh8 14. Qb3 Qf7 15. f4 Bd7
16. Rb1 Rae8 17. h3 exf4 18. gxf4 Nh5 19. h4 Qe7 20. Kd1 Nf6 21. Bf3 h5 22. Kc2
a6 23. Rbg1 Kh7 24. Rg2 b5 25. e4 bxc4 26. Qxc4 d5 27. Qa2 dxe4 28. Bxe4 fxe4
29. Qc4 exd3+ 30. Qxd3 Nxf4 31. Nxf4 Bf5 32. Qxf5 gxf5 33. Ng6 Qf7 34. Nxf8+
Bxf8 35. Rf1 Ng4 36. Bg5 Bg7 37. Rf3 Qc4 38. Rd2 Ne3+ 0-1

[Event "III Festival Magistrale"]
[Site "Montecatini Terme ITA"]
[Date "1994.07.??"]
[Round "?"]
[White "Laco, Giuseppe"]
[Black "Menoni, Vincenzo"]
[Result "0-1"]
[WhiteElo "2255"]
[BlackElo "2083"]
[PlyCount "80"]
[EventDate "1994.07.30"]

1. c4 Nf6 2. b4 g6 3. Bb2 Bg7 4. e4 d6 5. Qc2 O-O 6. d4 c5 7. bxc5 dxc5 8. d5
e6 9. Bd3 exd5 10. cxd5 b5 11. Nd2 c4 12. Be2 Bb7 13. a4 a6 14. Ngf3 Re8 15.
Nd4 Qb6 16. Rd1 Nbd7 17. axb5 axb5 18. O-O Nc5 19. Nxb5 Qxb5 20. Bxc4 Qa4 21.
Qxa4 Nxa4 22. Bxf6 Bxf6 23. Rb1 Ba6 24. Bxa6 Rxa6 25. f3 Nc3 26. Rb7 Ra2 27.
Nc4 Rc8 28. Nd6 Bd4+ 29. Kh1 Rca8 30. g3 Re2 31. Nxf7 Raa2 32. Nh6+ Kf8 33. Ng4
h5 34. d6 hxg4 35. fxg4+ Kg8 36. Rb8+ Kh7 37. Rb7+ Bg7 38. Rc1 Nxe4 39. d7
Rxh2+ 40. Kg1 Rhg2+ 0-1

[Event "III Festival Magistrale"]
[Site "Montecatini Terme ITA"]
[Date "1994.07.??"]
[Round "?"]
[White "Lanzani, Mario"]
[Black "Astengo, Marcello"]
[Result "1-0"]
[WhiteElo "2320"]
[BlackElo "2080"]
[PlyCount "51"]
[EventDate "1994.07.30"]

1. e4 e6 2. d4 d5 3. Nc3 Bb4 4. e5 c5 5. a3 Bxc3+ 6. bxc3 Ne7 7. h4 Nbc6 8. h5
Qa5 9. Bd2 Qa4 10. Nf3 cxd4 11. cxd4 Nxd4 12. Bd3 Nec6 13. Kf1 Nxf3 14. Qxf3
Nxe5 15. Qg3 Nxd3 16. Qxg7 Qxc2 17. Qxh8+ Kd7 18. Be3 b6 19. Qxh7 Ba6 20. Qxf7+
Kd6 21. Kg1 Qc3 22. Rd1 Qxa3 23. Bf4+ Nxf4 24. Qxf4+ Kd7 25. Rh3 Qe7 26. Qa4+
1-0

[Event "III Festival Magistrale"]
[Site "Montecatini Terme ITA"]
[Date "1994.07.??"]
[Round "?"]
[White "Lanzani, Mario"]
[Black "Cirabisi, Federico"]
[Result "1-0"]
[WhiteElo "2320"]
[BlackElo "2240"]
[PlyCount "105"]
[EventDate "1994.07.30"]

1. e4 Nf6 2. e5 Nd5 3. d4 d6 4. Nf3 dxe5 5. Nxe5 g6 6. Qf3 Be6 7. Bc4 Bg7 8.
O-O O-O 9. Re1 c6 10. Nc3 Nc7 11. Qd3 Nd7 12. Nf3 Nb6 13. Bxe6 Nxe6 14. Be3 Qc7
15. Rad1 Rfd8 16. Qe4 Nd5 17. Nxd5 cxd5 18. Qd3 Rac8 19. c3 Qb6 20. Bc1 f6 21.
Re2 Bf8 22. Rde1 Ng7 23. Bh6 Rd7 24. h4 Nh5 25. Qd2 Qd8 26. g4 Bxh6 27. Qxh6
Ng7 28. Kg2 Rc6 29. Qf4 b5 30. a3 a5 31. Nd2 b4 32. cxb4 axb4 33. a4 Ra6 34.
Nb3 e5 35. dxe5 Ne6 36. Qg3 d4 37. Kg1 g5 38. Qd3 Rc6 39. exf6 Qxf6 40. Qf5
Qxf5 41. gxf5 Nf4 42. Re8+ Kf7 43. hxg5 Nh3+ 44. Kg2 Nxg5 45. f4 Rc2+ 46. Kg3
Rxb2 47. Nc5 Nf3 48. Nxd7 Nxe1 49. Rxe1 Ra2 50. f6 Ra3+ 51. Kg4 Re3 52. Rxe3
dxe3 53. Kf3 1-0

[Event "III Festival Magistrale"]
[Site "Montecatini Terme ITA"]
[Date "1994.07.??"]
[Round "?"]
[White "Lanzani, Mario"]
[Black "Grigore, George-Gabriel"]
[Result "1/2-1/2"]
[WhiteElo "2320"]
[BlackElo "2440"]
[PlyCount "65"]
[EventDate "1994.07.30"]

1. e4 c5 2. Nf3 Nc6 3. d4 cxd4 4. Nxd4 e5 5. Nb5 d6 6. N1c3 a6 7. Na3 b5 8. Nd5
Nge7 9. Bg5 h6 10. Be3 Nxd5 11. exd5 Ne7 12. c4 Nf5 13. Bd2 Qh4 14. Be2 Nd4 15.
O-O Be7 16. cxb5 O-O 17. Bc4 Nxb5 18. Bxb5 axb5 19. Nxb5 Rb8 20. a4 Qc4 21. Ba5
Bg4 22. f3 Bd7 23. Rc1 Qh4 24. Rc6 Ra8 25. b4 Bxc6 26. dxc6 Bg5 27. Qe1 Qc4 28.
Qe4 Qb3 29. Nxd6 Ra6 30. Nc4 Qxa4 31. c7 Qb5 32. Rd1 Rxa5 33. bxa5 1/2-1/2

[Event "III Festival Magistrale"]
[Site "Montecatini Terme ITA"]
[Date "1994.07.??"]
[Round "?"]
[White "Lanzani, Mario"]
[Black "Sulava, Nenad"]
[Result "1/2-1/2"]
[WhiteElo "2320"]
[BlackElo "2410"]
[PlyCount "94"]
[EventDate "1994.07.30"]

1. e4 e6 2. d4 d5 3. Nc3 Bb4 4. e5 c5 5. a3 Bxc3+ 6. bxc3 Qa5 7. Bd2 cxd4 8.
cxd4 Qa4 9. Qg4 Nc6 10. Nf3 Nge7 11. Bd3 b6 12. O-O Ba6 13. Bxa6 Qxa6 14. Qxg7
Kd7 15. Bb4 Qe2 16. Bxe7 Nxe7 17. c4 Qxf3 18. gxf3 Rhg8 19. Qg3 dxc4 20. Rfc1
Rac8 21. Kf1 Rxg3 22. hxg3 Nd5 23. Rab1 a6 24. a4 c3 25. Ke2 Rc4 26. Kd3 Rxa4
27. Ra1 Rxa1 28. Rxa1 Kc6 29. f4 Kb5 30. g4 a5 31. f5 a4 32. fxe6 fxe6 33. Rf1
a3 34. f4 a2 35. f5 Kb4 36. f6 Kb3 37. f7 Nf4+ 38. Ke3 Ng6 39. d5 Kb2 40. dxe6
a1=Q 41. Rxa1 Kxa1 42. Kd3 Kb2 43. f8=Q Nxf8 44. e7 Ne6 45. e8=Q Nc5+ 46. Ke3
c2 47. Qb5+ Nb3 1/2-1/2

[Event "III Festival Magistrale"]
[Site "Montecatini Terme ITA"]
[Date "1994.07.??"]
[Round "?"]
[White "Lau, Ralf"]
[Black "Djuric, Stefan"]
[Result "1-0"]
[WhiteElo "2515"]
[BlackElo "2485"]
[PlyCount "38"]
[EventDate "1994.07.30"]

1. e4 e5 2. Nf3 Nc6 3. Nc3 Nf6 4. d4 exd4 5. Nxd4 Bb4 6. Nxc6 bxc6 7. Bd3 d5 8.
exd5 cxd5 9. O-O O-O 10. Bg5 c6 11. Qf3 Be7 12. h3 h6 13. Bh4 Rb8 14. b3 Rb4
15. Bg3 Nh7 16. Na4 Ng5 17. Qe3 f5 18. Rae1 Rf7 19. c4 Ne4 1-0

[Event "III Festival Magistrale"]
[Site "Montecatini Terme ITA"]
[Date "1994.07.??"]
[Round "?"]
[White "Lau, Ralf"]
[Black "Maljutin, Evgeni"]
[Result "0-1"]
[WhiteElo "2515"]
[BlackElo "2495"]
[PlyCount "96"]
[EventDate "1994.07.30"]

1. e4 c5 2. Nf3 e6 3. d4 cxd4 4. Nxd4 Nf6 5. Nc3 Nc6 6. Ndb5 Bb4 7. a3 Bxc3+ 8.
Nxc3 d5 9. exd5 exd5 10. Bd3 O-O 11. O-O d4 12. Ne2 Qd5 13. Nf4 Qd6 14. Nh5
Nxh5 15. Qxh5 h6 16. Re1 Bd7 17. g3 Rfe8 18. Bf4 Qf6 19. h4 Rac8 20. Qd5 Bh3
21. Kh2 Be6 22. Qe4 g6 23. Kg1 Kg7 24. Bd2 Bc4 25. Qf4 Qxf4 26. Bxf4 Bxd3 27.
cxd3 f6 28. Rac1 g5 29. hxg5 hxg5 30. Bd6 Red8 31. Be7 Rd7 32. Bb4 Rh8 33. Kg2
Ne5 34. Rcd1 g4 35. Re4 Rc8 36. Re2 Kg6 37. a4 Kf5 38. Ba3 Rh7 39. Re4 Nf3 40.
Rf4+ Kg5 41. Rxf3 gxf3+ 42. Kxf3 Rc2 43. Kg2 Rhc7 44. Bd6 R7c6 45. Bf4+ Kg6 46.
b4 Ra2 47. a5 Rcc2 48. Rf1 Rab2 0-1

[Event "III Festival Magistrale"]
[Site "Montecatini Terme ITA"]
[Date "1994.07.??"]
[Round "?"]
[White "Leoncini, Mario"]
[Black "Di Lazzaro, Gabriele"]
[Result "0-1"]
[WhiteElo "2195"]
[BlackElo "2155"]
[PlyCount "112"]
[EventDate "1994.07.30"]

1. e4 g6 2. d4 Bg7 3. f4 c5 4. d5 d6 5. Nf3 Nf6 6. Nbd2 Qa5 7. c3 O-O 8. Bd3 b5
9. Qe2 a6 10. O-O c4 11. Bc2 e6 12. dxe6 fxe6 13. e5 Nd5 14. g3 Nxc3 15. bxc3
Qxc3 16. Qe4 d5 17. Qd4 Qxc2 18. Ba3 Re8 19. Qb6 Bf8 20. Bd6 Bd7 21. Rf2 Qc3
22. Re1 Nc6 23. Ng5 Qd4 24. Qxd4 Nxd4 25. Bxf8 Rxf8 26. Ngf3 Nxf3+ 27. Nxf3 a5
28. Nd4 b4 29. a3 Rab8 30. axb4 axb4 31. Ra1 Ra8 32. Rb1 Rfb8 33. Rfb2 b3 34.
Kf2 Kf7 35. Ke3 Ra7 36. Ne2 Rba8 37. Nc3 Ke7 38. Rd1 Ra1 39. Rbb1 Rxb1 40. Rxb1
Kd8 41. g4 Ra5 42. Kd4 Kc7 43. f5 gxf5 44. gxf5 exf5 45. Nxd5+ Kc6 46. Nf4 Kb5
47. Kc3 Ra2 48. e6 Bc6 49. e7 Rf2 50. Ne6 Rf3+ 51. Kd2 Kb4 52. Ke2 f4 53. Nd4
Re3+ 54. Kf2 Kc5 55. Ne2 Rxe7 56. Nxf4 Kb4 0-1

[Event "III Festival Magistrale"]
[Site "Montecatini Terme ITA"]
[Date "1994.07.??"]
[Round "?"]
[White "Leoncini, Mario"]
[Black "Iotti, Pierluigi"]
[Result "0-1"]
[WhiteElo "2195"]
[BlackElo "2255"]
[PlyCount "70"]
[EventDate "1994.07.30"]

1. e4 e6 2. d4 d5 3. Nc3 Bb4 4. e5 c5 5. a3 Bxc3+ 6. bxc3 Qc7 7. Qg4 f5 8. exf6
Nxf6 9. Qg3 Qa5 10. Bd2 O-O 11. Nf3 Ne4 12. Qh4 Nxd2 13. Kxd2 cxd4 14. Bd3
dxc3+ 15. Kd1 g6 16. Re1 Nc6 17. Qg3 Rf6 18. h4 Qa4 19. h5 Qf4 20. hxg6 hxg6
21. Qxf4 Rxf4 22. Bxg6 Rg4 23. Bh5 Rxg2 24. Ke2 Bd7 25. Kf1 Rg7 26. Ne5 Nxe5
27. Rxe5 Bb5+ 28. Be2 Bxe2+ 29. Kxe2 Kf7 30. Kd3 Rc8 31. Rb1 b6 32. Rb3 Kf6 33.
Re3 Rgc7 34. f4 Rc4 35. Rf3 Kf5 0-1

[Event "III Festival Magistrale"]
[Site "Montecatini Terme ITA"]
[Date "1994.07.??"]
[Round "?"]
[White "Leoncini, Mario"]
[Black "Luciani, Valerio"]
[Result "1/2-1/2"]
[WhiteElo "2195"]
[BlackElo "2205"]
[PlyCount "33"]
[EventDate "1994.07.30"]

1. e4 e6 2. d4 d5 3. Nc3 Bb4 4. e5 c5 5. a3 Bxc3+ 6. bxc3 Ne7 7. Qg4 Kf8 8. Bd3
Qa5 9. Bd2 Qa4 10. Qd1 Nbc6 11. Nf3 cxd4 12. cxd4 Nxd4 13. O-O Nec6 14. Re1 b6
15. Nxd4 Qxd4 16. Qe2 Kg8 17. Kh1 1/2-1/2

[Event "III Festival Magistrale"]
[Site "Montecatini Terme ITA"]
[Date "1994.07.??"]
[Round "?"]
[White "Loncar, Robert"]
[Black "Digiugno, Franco"]
[Result "1-0"]
[WhiteElo "2410"]
[BlackElo "2074"]
[PlyCount "59"]
[EventDate "1994.07.30"]

1. e4 c5 2. Nf3 d6 3. d4 cxd4 4. Nxd4 Nf6 5. Nc3 g6 6. Be3 Bg7 7. f3 O-O 8. Qd2
Nc6 9. Bc4 Bd7 10. h4 Rc8 11. Bb3 Ne5 12. h5 Nxh5 13. g4 Nf6 14. O-O-O Nc4 15.
Bxc4 Rxc4 16. Bh6 Nxe4 17. Qe3 Rxc3 18. bxc3 Nf6 19. Bxg7 Kxg7 20. Nf5+ Bxf5
21. gxf5 Qa5 22. fxg6 fxg6 23. Qxe7+ Rf7 24. Qe3 Qxa2 25. Qd4 Rc7 26. Rxh7+
Kxh7 27. Qxf6 Rg7 28. Qh4+ Kg8 29. Qd8+ Kf7 30. Rxd6 1-0

[Event "III Festival Magistrale"]
[Site "Montecatini Terme ITA"]
[Date "1994.07.??"]
[Round "?"]
[White "Loncar, Robert"]
[Black "Lanzani, Mario"]
[Result "1/2-1/2"]
[WhiteElo "2410"]
[BlackElo "2320"]
[PlyCount "93"]
[EventDate "1994.07.30"]

1. e4 e5 2. Nf3 Nc6 3. Bb5 f5 4. d3 fxe4 5. dxe4 Nf6 6. O-O d6 7. Nc3 Be7 8.
Bc4 Na5 9. Bb5+ Nc6 10. Qd3 Bg4 11. h3 Bxf3 12. Qxf3 O-O 13. Ne2 Qe8 14. Qc3
Nh5 15. Be3 Kh8 16. Bxc6 Qxc6 17. Qxc6 bxc6 18. c4 c5 19. Nc3 h6 20. Rfd1 Bg5
21. Bxg5 hxg5 22. Nd5 Rf7 23. Rd3 Nf4 24. Nxf4 gxf4 25. Rb3 Kg8 26. Rd1 Rd8 27.
Ra3 Rb8 28. Rd2 Rb7 29. Kf1 Rf8 30. Rc3 Rfb8 31. Rcc2 Rb4 32. Ke2 Ra4 33. b3
Rab4 34. Kd3 a5 35. Rc3 a4 36. Kc2 axb3+ 37. axb3 Ra8 38. Kb2 Rb7 39. Rc1 Rba7
40. Kc3 Ra1 41. Rdc2 Rxc1 42. Rxc1 Ra2 43. Rc2 Ra1 44. Rb2 Rc1+ 45. Rc2 Rg1 46.
f3 Ra1 47. Rb2 1/2-1/2

[Event "III Festival Magistrale"]
[Site "Montecatini Terme ITA"]
[Date "1994.07.??"]
[Round "?"]
[White "Loncar, Robert"]
[Black "Palac, Mladen"]
[Result "0-1"]
[WhiteElo "2410"]
[BlackElo "2495"]
[PlyCount "102"]
[EventDate "1994.07.30"]

1. e4 c5 2. Nf3 e6 3. Nc3 a6 4. d4 cxd4 5. Nxd4 Qc7 6. Bd3 Nf6 7. O-O d6 8. f4
g6 9. Kh1 Bg7 10. e5 dxe5 11. Ndb5 axb5 12. Nxb5 Qc5 13. fxe5 Ne4 14. Qf3 f5
15. exf6 Nxf6 16. Bf4 O-O 17. Bd6 Qc6 18. Bxf8 Qxf3 19. Rxf3 Kxf8 20. Nd6 Nbd7
21. Bb5 Ke7 22. Rd1 Nb6 23. a4 Nbd5 24. Nxc8+ Rxc8 25. c4 Nc7 26. a5 e5 27. Rb3
Ne6 28. a6 bxa6 29. Bxa6 Rc7 30. Rb7 e4 31. Rxc7+ Nxc7 32. Bb7 Ng4 33. Kg1 Bxb2
34. Bxe4 Ba3 35. Ra1 Bc5+ 36. Kf1 Nxh2+ 37. Ke2 Ng4 38. Rh1 Nf6 39. Bf3 Ne6 40.
Rb1 Kd6 41. Rb7 h5 42. Rf7 Ke5 43. Rb7 g5 44. Rb1 Kd4 45. Rd1+ Kxc4 46. Rc1+
Kd4 47. Kf2 Ke5+ 48. Kg3 h4+ 49. Kh2 Bf2 50. Rf1 g4 51. Bxg4 Nxg4+ 0-1

[Event "III Festival Magistrale"]
[Site "Montecatini Terme ITA"]
[Date "1994.07.??"]
[Round "?"]
[White "Luciani, Valerio"]
[Black "Berg, Daniel"]
[Result "1-0"]
[WhiteElo "2205"]
[BlackElo "2320"]
[PlyCount "88"]
[EventDate "1994.07.30"]

1. Nf3 d6 2. g3 e5 3. d3 f5 4. c4 Nf6 5. Nc3 Be7 6. Bg2 O-O 7. Qb3 Kh8 8. c5 c6
9. cxd6 Bxd6 10. Ng5 Qe8 11. Bd2 Na6 12. O-O-O Nc5 13. Qc2 a5 14. e3 h6 15. h4
Ng4 16. Nh3 Na6 17. Na4 Qf7 18. Nb6 Ra7 19. Nxc8 Rxc8 20. Qc4 Qe7 21. a4 Nc5
22. Bc3 b5 23. Qa2 Nxa4 24. Kd2 Nc5 25. Ke2 Ne6 26. Rhe1 b4 27. Bd2 a4 28. Qc4
c5 29. Bxb4 Rf8 30. Bd2 f4 31. exf4 Nh2 32. f3 exf4 33. Kf2 fxg3+ 34. Kg1 Rf6
35. Bc3 Nd4 36. Bxd4 Re6 37. Qxe6 Qxh4 38. Qe8+ Kh7 39. Qe4+ Qxe4 40. dxe4 cxd4
41. Rd3 Rb7 42. Re2 Be5 43. f4 Ng4 44. fxe5 a3 1-0

[Event "III Festival Magistrale"]
[Site "Montecatini Terme ITA"]
[Date "1994.07.??"]
[Round "?"]
[White "Luciani, Valerio"]
[Black "Bocchicchio, Gaetano"]
[Result "0-1"]
[WhiteElo "2205"]
[BlackElo "1999"]
[PlyCount "80"]
[EventDate "1994.07.30"]

1. Nf3 d5 2. g3 Bg4 3. Bg2 Nf6 4. O-O Qc8 5. Re1 Bh3 6. Bh1 Qg4 7. d3 h5 8. Bf4
h4 9. Ne5 Qh5 10. Bf3 Qh7 11. gxh4 g5 12. hxg5 Nh5 13. Bxh5 Qxh5 14. e3 Qh7 15.
Bg3 Nd7 16. Nxd7 Bxd7 17. Qf3 O-O-O 18. Nd2 e6 19. Nb3 Bd6 20. Kf1 e5 21. e4
Qh3+ 22. Qg2 Qh5 23. Kg1 Bh3 24. Qh1 Qxg5 25. Qf3 d4 26. a3 Bd7 27. Na5 Bg4 28.
Qxf7 Rdf8 29. Qd5 b6 30. Nc6 Re8 31. Nxd4 Qh5 32. Nf5 Rd8 33. Nxd6+ cxd6 34.
Qc6+ Kb8 35. Re3 Bf3 36. a4 Rh7 37. Kf1 Qh3+ 38. Ke1 Qg2 39. Kd2 Rh3 40. Qd5
Rxg3 0-1

[Event "III Festival Magistrale"]
[Site "Montecatini Terme ITA"]
[Date "1994.07.??"]
[Round "?"]
[White "Luciani, Valerio"]
[Black "Foisor, Ovidiu-Doru"]
[Result "0-1"]
[WhiteElo "2205"]
[BlackElo "2440"]
[PlyCount "75"]
[EventDate "1994.07.30"]

1. Nf3 Nf6 2. g3 g6 3. Bg2 Bg7 4. O-O O-O 5. d3 d6 6. e4 c5 7. h3 Nc6 8. c3 Rb8
9. a4 a6 10. Be3 b5 11. axb5 axb5 12. Nbd2 Bb7 13. d4 Nd7 14. Nb3 c4 15. Nbd2
e5 16. d5 Na5 17. Ra3 Bc8 18. Bg5 f6 19. Be3 Nc5 20. Bxc5 dxc5 21. Re1 Nb7 22.
Nf1 Nd6 23. N3d2 Bb7 24. g4 Bh6 25. Ng3 Ra8 26. Rxa8 Qxa8 27. Nf3 Qa2 28. g5
Bxg5 29. Nxg5 fxg5 30. Qa1 Ra8 31. Qc1 Nf7 32. Bf1 Bc8 33. Kh2 Qb3 34. Qd1 Qxb2
35. Re2 Qxc3 36. d6 Be6 37. Re3 Qd4 38. Rd3 0-1